[Event "Mecklenburg VP LL2 Ost 1314"]
[Site "Mecklenburg VP"]
[Date "2013.12.15"]
[Round "4.7"]
[White "Matzek, Franz David"]
[Black "Ritter, Wolfgang"]
[Result "1/2-1/2"]
[WhiteElo "1654"]
[BlackElo "1482"]
[PlyCount "104"]
[EventDate "2013.10.27"]
[EventType "team-tourn"]
[EventRounds "9"]
[EventCountry "GER"]
[SourceTitle "EXT 2022"]
[Source "ChessBase"]
[SourceDate "2021.10.06"]
[SourceVersion "1"]
[SourceVersionDate "2021.10.06"]
[SourceQuality "1"]
[WhiteTeam "Gryps SV"]
[BlackTeam "Binz Therme Ruegen"]
[WhiteTeamCountry "GER"]
[BlackTeamCountry "GER"]

1. e4 d6 2. d4 g6 3. Nf3 Bg7 4. Nc3 Bg4 5. Be2 Nd7 6. h3 Bxf3 7. Bxf3 e5 8. dxe5 Nxe5 9. Be2 Nf6 10. Bg5 h6 11. Be3 0-0 12. Qd2 Kh7 13. 0-0-0 Nfd7 14. f3 Nb6 15. b3 f5 16. h4 fxe4 17. Nxe4 Qe7 18. h5 d5 19. hxg6+ Nxg6 20. Bc5 Qe5 21. Ng5+ Kg8 22. c3 Qxg5 23. Qxg5 hxg5 24. Bxf8 Rxf8 25. Kc2 Nf4 26. Bf1 Re8 27. Kd2 Kf7 28. g3 Ne6 29. Be2 Nf8 30. f4 Kf6 31. Rdf1 Re7 32. Bd3 Ne6 33. fxg5+ Kxg5 34. Rh4 Bh6 35. Rf5+ Kg6+ 36. Kd1 Kg7 37. Rg4+ Ng5 38. Rfxg5+ Bxg5 39. Rxg5+ Kf6 40. Rf5+ Kg7 41. Kd2 c6 42. a4 a5 43. Rh5 Kf6 44. g4 Nd7 45. g5+ Ke5 46. Rh7 Rxh7 47. Bxh7 b5 48. axb5 cxb5 49. Kc2 Nc5 50. b4 axb4 51. cxb4 Ne4 52. g6 Kf6 1/2-1/2

[Event "Mecklenburg VP LL2 Ost 1213"]
[Site "Mecklenburg VP"]
[Date "2012.11.25"]
[Round "3.5"]
[White "Matzek, Franz David"]
[Black "Schulz, Ronald"]
[Result "1/2-1/2"]
[WhiteElo "1674"]
[BlackElo "1597"]
[PlyCount "65"]
[EventDate "2012.10.14"]
[EventType "team-tourn"]
[EventRounds "9"]
[EventCountry "GER"]
[SourceTitle "EXT 2022"]
[Source "ChessBase"]
[SourceDate "2021.10.06"]
[SourceVersion "1"]
[SourceVersionDate "2021.10.06"]
[SourceQuality "1"]
[WhiteTeam "Gryps SV"]
[BlackTeam "Neubrandenburg SG Eintracht II"]
[WhiteTeamCountry "GER"]
[BlackTeamCountry "GER"]

1. e4 d5 2. exd5 Nf6 3. d4 Nxd5 4. Nf3 Bg4 5. Be2 e6 6. 0-0 Be7 7. h3 Bxf3 8. Bxf3 Nc6 9. c3 Qd7 10. Nd2 0-0-0 11. Qc2 h5 12. Nc4 f5 13. Ne3 Nxe3 14. Bxe3 g5 15. g3 g4 16. hxg4 hxg4 17. Bg2 Bf6 18. Rfd1 Qh7 19. d5 exd5 20. Rxd5 Rxd5 21. Bxd5 Ne5 22. Kf1 Nf3 23. Ke2 Re8 24. Qa4 Re5 25. Bxb7+ Kxb7 26. Qxa7+ Kc8 27. Qa6+ Kb8 28. Qxf6 Qd7 29. Qf8+ Kb7 30. Qb4+ Kc8 31. Rd1 Qc6 32. Qf8+ Kb7 33. Qb4+ 1/2-1/2

[Event "Mecklenburg VP LL2 Ost 1112"]
[Site "Mecklenburg VP"]
[Date "2012.02.26"]
[Round "7.6"]
[White "Zapnik, Gordon"]
[Black "Matzek, Franz David"]
[Result "1/2-1/2"]
[WhiteElo "1632"]
[BlackElo "1702"]
[PlyCount "100"]
[EventDate "2011.10.02"]
[EventType "team-tourn"]
[EventRounds "9"]
[EventCountry "GER"]
[SourceTitle "EXT 2022"]
[Source "ChessBase"]
[SourceDate "2021.10.06"]
[SourceVersion "1"]
[SourceVersionDate "2021.10.06"]
[SourceQuality "1"]
[WhiteTeam "Waterkant Saal SV"]
[BlackTeam "Gryps SV"]
[WhiteTeamCountry "GER"]
[BlackTeamCountry "GER"]

1. e4 Nf6 2. Nc3 d5 3. e5 Nfd7 4. d4 e6 5. Bb5 c5 6. Nf3 Nc6 7. Be3 cxd4 8. Bxd4 Nxd4 9. Qxd4 a6 10. Bxd7+ Bxd7 11. 0-0 Be7 12. Qg4 0-0 13. Nd4 Qb6 14. Rab1 Rac8 15. Nce2 f6 16. exf6 Bxf6 17. c3 Qd6 18. Qg3 Qxg3 19. hxg3 a5 20. f4 b5 21. b4 a4 22. Rbc1 Rc4 23. Nf3 Rfc8 24. Ne5 Bxe5 25. fxe5 Re4 26. Nd4 Rxe5 27. Rf3 Re4 28. Rcf1 e5 29. Nf5 Bxf5 30. Rxf5 h6 31. R1f3 Kh7 32. Rf7 d4 33. cxd4 Rxd4 34. a3 e4 35. Re3 Rc1+ 36. Kh2 Rdd1 37. g4 Re1 38. Rxe1 Rxe1 39. Rf5 Re3 40. Rxb5 Rxa3 41. Ra5 e3 42. Kg3 Ra2 43. b5 Rb2 44. Rxa4 Rxb5 45. Re4 Rb3 46. Kf3 Kg6 47. Rxe3 Rxe3+ 48. Kxe3 Kg5 49. Kf3 Kf6 50. Kf4 g6 1/2-1/2

[Event "Schleswig Holstein-ch U25 op"]
[Site "Neumuenster"]
[Date "2004.03.24"]
[Round "6"]
[White "Matzek, Franz David"]
[Black "Rusch, Ulf"]
[Result "1-0"]
[WhiteElo "1404"]
[BlackElo "1298"]
[PlyCount "41"]
[EventDate "2004.03.20"]
[EventType "swiss"]
[EventRounds "9"]
[EventCountry "GER"]
[SourceTitle "EXT 2006"]
[Source "ChessBase"]
[SourceDate "2005.11.24"]
[SourceVersion "1"]
[SourceVersionDate "2005.11.24"]
[SourceQuality "1"]

1. e4 e5 2. Nf3 Nc6 3. Bb5 Nge7 4. 0-0 d5 5. exd5 Qxd5 6. Nc3 Qd8 7. Nxe5 a6 8. Nxc6 Nxc6 9. Re1+ Be7 10. Ba4 0-0 11. d3 Bc5 12. Be3 Bd6 13. Ne4 Be5 14. c3 Bf5 15. Bc2 Bxe4 16. dxe4 Qxd1 17. Raxd1 b5 18. f4 Bf6 19. e5 Bh4 20. g3 Be7 21. Be4 1-0

[Event "Schleswig Holstein-ch U18 q"]
[Site "Neumuenster"]
[Date "2002.04.09"]
[Round "5"]
[White "Munstermann, Peter"]
[Black "Matzek, Franz David"]
[Result "1/2-1/2"]
[WhiteElo "1301"]
[BlackElo "1186"]
[PlyCount "37"]
[EventDate "2002.04.??"]
[EventType "swiss"]
[EventRounds "9"]
[EventCountry "GER"]
[SourceTitle "EXT 2003"]
[Source "ChessBase"]
[SourceDate "2002.11.25"]
[SourceVersion "1"]
[SourceVersionDate "2002.11.25"]
[SourceQuality "1"]

1. d4 Nf6 2. Nc3 d5 3. Nf3 e6 4. Bg5 Nbd7 5. e3 c5 6. dxc5 h6 7. Bh4 Nxc5 8. Bb5+ Bd7 9. Bxd7+ Qxd7 10. Bxf6 gxf6 11. Qd4 e5 12. Qxd5 Qxd5 13. Nxd5 0-0-0 14. Nxf6 e4 15. Ne5 Bg7 16. Nfg4 h5 17. Nxf7 hxg4 18. Nxd8 Rxd8 19. c3 1/2-1/2